Un compte à rebours difficile #2 - Statistiques

Statistiques générales
  • Ce quiz a été pris 75 fois
  • Le résultat moyen est 5 sur 7
Statistiques - réponses
# % Correct
87
100%
74
97%
61
92%
48
71%
35
52%
22
41%
9
29%
Aucun quiz correspondant
Distribution des résultats
% des personnes avec chaque résultat
Percentile par nombre de réponses
Votre historique - résultats
Vous n’avez pas pris ce quiz